1313 1347 1019 1807 1199 1310 1997 1248 1733 1038 1575 1155 1645 1297 1618 1137 1591 1769 1701 1359 1202 1020 1842 1980 1450 1021 1585 1767 1654 1723 1461 1204 1345 1663 1549 1946 1691 1950 1235 1107 1948 1710 1306 1763 1540 1232 1346 1053 1409 1736 1739 1710 1648 1963 1589 1568 1199 1068 1755 1466 1316 1295 1134 1353 1064 1502 1771 1232 1871 1301 1264 1996 1147 1969 1896 1195 1132 1875 1838 1811 1317 1705 1525 1507 1131 1855 1677 1859 1916 1726 1261 1023 1411 1660 1126 1151 1784 1532 1794 BCNSPRNW ULIB Ver.6.0+V

เปลี่ยนเป็นภาษาไทย

Change to English
 แสดงรายละเอียดบรรณานุกรม
  กลับหน้าหลัก

Brief Record : Get Marc (ISO 2709) : E-mail record : QR code < ปิดหน้าต่าง
LEADER : 00000nam 2200000uu 4500
001    13399115208
003     ULIB
008    120730s2553||||th 000 0 tha d
020    ^a9741335407
020    ^a 9789741335404
060 04 ^aWY85^bส687จ
100 0  ^aสิวลี ศิริไล
245 10 ^aจริยศาสตร์สำหรับพยาบาล /^cสิวลี ศิริไล
250    ^aพิมพ์ครั้งที่ 11
260    ^aกรุงเทพฯ :^bโรงพิมพ์แห่งจุฬาลงกรณ์มหาวิทยาลัย,^c2553
300    ^a279 หน้า ;^c21 ซม.
650  7 ^aจรรยาบรรณพยาบาล
650  7 ^aจริยศาสตร์
945    ^p150^l0^i032158
945    ^p150^l0^i032159
945    ^p150^l0^i032160
945    ^p150^l0^i032161
995    ^a เกษร
999    ^aใช้งานได้ทุกระบบ
รายการนี้ยังไม่มีแท็ก
คุณยังไม่ได้ล็อกอิน คุณสามารถมีกิจกรรมร่วมกับเว็บไซต์ได้ แต่ต้องล็อกอินก่อน ::
  ล็อกอิน

รายการสื่อสารสนเทศ

ลำดับที่ ประเภท เลขเรียก/บาร์โค้ด สถานที่ สถานะ
1. วิทยาศาสตร์การแพทย์ และสุขภาพ
หนังสือสำรอง
สถานะ=หนังสือสำรอง
WY85 ส687จ ฉ.1 
  Barcode: 032158
ห้องสมุดวิทยาเขตสวรรค์ประชารักษ์
►ส่วนจัดเก็บหนังสือเก่า สปร
บนชั้น
  ขอยืม
2. วิทยาศาสตร์การแพทย์ และสุขภาพ
วิทยาศาสตร์การแพทย์ และสุขภาพ
WY85 ส687จ ฉ.2 
  Barcode: 032159
ห้องสมุดวิทยาเขตสวรรค์ประชารักษ์
►ส่วนจัดเก็บหนังสือเก่า สปร
บนชั้น
  ขอยืม
3. วิทยาศาสตร์การแพทย์ และสุขภาพ
วิทยาศาสตร์การแพทย์ และสุขภาพ
WY85 ส687จ ฉ.3 
  Barcode: 032160
ห้องสมุดวิทยาเขตสวรรค์ประชารักษ์
►ส่วนจัดเก็บหนังสือเก่า สปร
บนชั้น
  ขอยืม
4. วิทยาศาสตร์การแพทย์ และสุขภาพ
วิทยาศาสตร์การแพทย์ และสุขภาพ
WY85 ส687จ ฉ.4 
  Barcode: 032161
ห้องสมุดวิทยาเขตสวรรค์ประชารักษ์
►ส่วนจัดเก็บหนังสือเก่า สปร
บนชั้น
  ขอยืม

รายการใกล้เคียง
    ผู้แต่ง [สิวลี ศิริไล]

    หัวเรื่อง [จรรยาบรรณพยาบาล]
    หัวเรื่อง [จริยศาสตร์]

BibComment


ยังไม่เคยถูกคอมเมนท์

คอมเมนท์ทรัพยากรรายการนี้
  คอมเมนท์: จริยศาสตร์สำหรับ..


 Copyright 2026. Bcnsprnw @Library